000 00694cam a22002175a 4500
001 L153545
008 110804s2011 xxk f 000 0 eng d
020 _a9780230290242
035 _a(Sirsi) u153545
041 0 _aeng
050 0 4 _a332.6324 $2 18
100 1 _aIsaac, D
245 0 0 _aProperty investment
250 _a2nd ed.
260 _aLondon
_bPalgrave Macmillan
_c2011
520 _aAddresses current property issues, including the credit crunch, sustainability, but-to-let investments and the Real Estate Investment Trusts.
590 _aKA
651 4 _aENGLAND AND WALES
690 _aPROPERTY-COMMERCIAL PROPERTY-COMMERCIAL PROPERTY FINANCE AND INVESTMENT
942 _n0
999 _c112586
_d112586